<?xml version="1.0" encoding="UTF-8"?>
<record
    xmlns:xsi="http://www.w3.org/2001/XMLSchema-instance"
    xsi:schemaLocation="http://www.loc.gov/MARC21/slim http://www.loc.gov/standards/marcxml/schema/MARC21slim.xsd"
    xmlns="http://www.loc.gov/MARC21/slim">

  <leader>00358nam a2200157Ia 4500</leader>
  <controlfield tag="003">OSt</controlfield>
  <controlfield tag="005">20240120101919.0</controlfield>
  <controlfield tag="008">170524s9999    xx            000 0 und d</controlfield>
  <datafield tag="020" ind1=" " ind2=" ">
    <subfield code="a">8174733760</subfield>
  </datafield>
  <datafield tag="040" ind1=" " ind2=" ">
    <subfield code="c">iimtu</subfield>
  </datafield>
  <datafield tag="100" ind1=" " ind2=" ">
    <subfield code="a">Pandey L U B</subfield>
  </datafield>
  <datafield tag="245" ind1=" " ind2="2">
    <subfield code="a">A manual of Practical Communication</subfield>
  </datafield>
  <datafield tag="260" ind1=" " ind2=" ">
    <subfield code="b">Meerut: Pragati</subfield>
  </datafield>
  <datafield tag="260" ind1=" " ind2=" ">
    <subfield code="c">2009</subfield>
  </datafield>
  <datafield tag="942" ind1=" " ind2=" ">
    <subfield code="2">ddc</subfield>
    <subfield code="c">02</subfield>
  </datafield>
  <datafield tag="999" ind1=" " ind2=" ">
    <subfield code="c">5505</subfield>
    <subfield code="d">5505</subfield>
  </datafield>
  <datafield tag="952" ind1=" " ind2=" ">
    <subfield code="0">0</subfield>
    <subfield code="1">0</subfield>
    <subfield code="2">ddc</subfield>
    <subfield code="4">0</subfield>
    <subfield code="7">0</subfield>
    <subfield code="a">01</subfield>
    <subfield code="b">01</subfield>
    <subfield code="d">2017-05-29</subfield>
    <subfield code="o">R</subfield>
    <subfield code="p">01-B-47426</subfield>
    <subfield code="r">2017-05-29</subfield>
    <subfield code="u">ENGLISH COMMUNICATION</subfield>
    <subfield code="w">2017-05-29</subfield>
    <subfield code="y">06</subfield>
    <subfield code="z">Engineering Departmental Library books</subfield>
  </datafield>
  <datafield tag="952" ind1=" " ind2=" ">
    <subfield code="0">0</subfield>
    <subfield code="1">0</subfield>
    <subfield code="2">ddc</subfield>
    <subfield code="4">0</subfield>
    <subfield code="7">0</subfield>
    <subfield code="a">01</subfield>
    <subfield code="b">01</subfield>
    <subfield code="d">2017-05-29</subfield>
    <subfield code="p">01-B-47427</subfield>
    <subfield code="r">2017-05-29</subfield>
    <subfield code="u">ENGLISH COMMUNICATION</subfield>
    <subfield code="w">2017-05-29</subfield>
    <subfield code="y">02</subfield>
  </datafield>
  <datafield tag="952" ind1=" " ind2=" ">
    <subfield code="0">0</subfield>
    <subfield code="1">0</subfield>
    <subfield code="2">ddc</subfield>
    <subfield code="4">0</subfield>
    <subfield code="7">0</subfield>
    <subfield code="a">01</subfield>
    <subfield code="b">01</subfield>
    <subfield code="d">2017-05-29</subfield>
    <subfield code="p">01-B-47428</subfield>
    <subfield code="r">2017-05-29</subfield>
    <subfield code="u">ENGLISH COMMUNICATION</subfield>
    <subfield code="w">2017-05-29</subfield>
    <subfield code="y">02</subfield>
  </datafield>
  <datafield tag="952" ind1=" " ind2=" ">
    <subfield code="0">0</subfield>
    <subfield code="1">0</subfield>
    <subfield code="2">ddc</subfield>
    <subfield code="4">0</subfield>
    <subfield code="7">0</subfield>
    <subfield code="a">01</subfield>
    <subfield code="b">01</subfield>
    <subfield code="d">2017-05-29</subfield>
    <subfield code="p">01-B-47429</subfield>
    <subfield code="r">2017-05-29</subfield>
    <subfield code="u">ENGLISH COMMUNICATION</subfield>
    <subfield code="w">2017-05-29</subfield>
    <subfield code="y">02</subfield>
  </datafield>
  <datafield tag="952" ind1=" " ind2=" ">
    <subfield code="0">0</subfield>
    <subfield code="1">0</subfield>
    <subfield code="2">ddc</subfield>
    <subfield code="4">0</subfield>
    <subfield code="7">0</subfield>
    <subfield code="a">01</subfield>
    <subfield code="b">01</subfield>
    <subfield code="d">2017-05-29</subfield>
    <subfield code="p">01-B-47430</subfield>
    <subfield code="r">2017-05-29</subfield>
    <subfield code="u">ENGLISH COMMUNICATION</subfield>
    <subfield code="w">2017-05-29</subfield>
    <subfield code="y">15</subfield>
    <subfield code="z">Write off (Book cost paid to Account Department) in old SAMS data</subfield>
  </datafield>
  <datafield tag="952" ind1=" " ind2=" ">
    <subfield code="0">0</subfield>
    <subfield code="1">0</subfield>
    <subfield code="2">ddc</subfield>
    <subfield code="4">0</subfield>
    <subfield code="7">0</subfield>
    <subfield code="a">01</subfield>
    <subfield code="b">01</subfield>
    <subfield code="d">2017-05-29</subfield>
    <subfield code="p">01-B-49579</subfield>
    <subfield code="r">2017-05-29</subfield>
    <subfield code="u">ENGLISH COMMUNICATION</subfield>
    <subfield code="w">2017-05-29</subfield>
    <subfield code="y">02</subfield>
  </datafield>
  <datafield tag="952" ind1=" " ind2=" ">
    <subfield code="0">0</subfield>
    <subfield code="1">0</subfield>
    <subfield code="2">ddc</subfield>
    <subfield code="4">0</subfield>
    <subfield code="7">0</subfield>
    <subfield code="a">01</subfield>
    <subfield code="b">01</subfield>
    <subfield code="d">2017-05-29</subfield>
    <subfield code="p">01-B-49580</subfield>
    <subfield code="r">2017-05-29</subfield>
    <subfield code="u">ENGLISH COMMUNICATION</subfield>
    <subfield code="w">2017-05-29</subfield>
    <subfield code="y">02</subfield>
  </datafield>
  <datafield tag="952" ind1=" " ind2=" ">
    <subfield code="0">0</subfield>
    <subfield code="1">0</subfield>
    <subfield code="2">ddc</subfield>
    <subfield code="4">0</subfield>
    <subfield code="7">0</subfield>
    <subfield code="a">01</subfield>
    <subfield code="b">01</subfield>
    <subfield code="d">2017-05-29</subfield>
    <subfield code="p">01-B-49581</subfield>
    <subfield code="r">2017-05-29</subfield>
    <subfield code="u">ENGLISH COMMUNICATION</subfield>
    <subfield code="w">2017-05-29</subfield>
    <subfield code="y">02</subfield>
  </datafield>
  <datafield tag="952" ind1=" " ind2=" ">
    <subfield code="0">0</subfield>
    <subfield code="1">0</subfield>
    <subfield code="2">ddc</subfield>
    <subfield code="4">0</subfield>
    <subfield code="7">0</subfield>
    <subfield code="a">01</subfield>
    <subfield code="b">01</subfield>
    <subfield code="d">2017-05-29</subfield>
    <subfield code="p">01-B-49582</subfield>
    <subfield code="r">2017-05-29</subfield>
    <subfield code="u">ENGLISH COMMUNICATION</subfield>
    <subfield code="w">2017-05-29</subfield>
    <subfield code="y">02</subfield>
  </datafield>
  <datafield tag="952" ind1=" " ind2=" ">
    <subfield code="0">0</subfield>
    <subfield code="1">0</subfield>
    <subfield code="2">ddc</subfield>
    <subfield code="4">0</subfield>
    <subfield code="7">0</subfield>
    <subfield code="a">01</subfield>
    <subfield code="b">01</subfield>
    <subfield code="d">2017-05-29</subfield>
    <subfield code="p">01-B-49583</subfield>
    <subfield code="r">2017-05-29</subfield>
    <subfield code="u">ENGLISH COMMUNICATION</subfield>
    <subfield code="w">2017-05-29</subfield>
    <subfield code="y">02</subfield>
  </datafield>
  <datafield tag="952" ind1=" " ind2=" ">
    <subfield code="0">0</subfield>
    <subfield code="1">0</subfield>
    <subfield code="2">ddc</subfield>
    <subfield code="4">0</subfield>
    <subfield code="7">0</subfield>
    <subfield code="a">01</subfield>
    <subfield code="b">01</subfield>
    <subfield code="d">2017-05-29</subfield>
    <subfield code="p">01-B-49584</subfield>
    <subfield code="r">2017-05-29</subfield>
    <subfield code="u">ENGLISH COMMUNICATION</subfield>
    <subfield code="w">2017-05-29</subfield>
    <subfield code="y">02</subfield>
  </datafield>
  <datafield tag="952" ind1=" " ind2=" ">
    <subfield code="0">0</subfield>
    <subfield code="1">0</subfield>
    <subfield code="2">ddc</subfield>
    <subfield code="4">0</subfield>
    <subfield code="7">0</subfield>
    <subfield code="a">01</subfield>
    <subfield code="b">01</subfield>
    <subfield code="d">2017-05-29</subfield>
    <subfield code="p">01-B-49585</subfield>
    <subfield code="r">2017-05-29</subfield>
    <subfield code="u">ENGLISH COMMUNICATION</subfield>
    <subfield code="w">2017-05-29</subfield>
    <subfield code="y">15</subfield>
    <subfield code="z">Write off (Book cost paid to Account Department) in old SAMS data</subfield>
  </datafield>
  <datafield tag="952" ind1=" " ind2=" ">
    <subfield code="0">0</subfield>
    <subfield code="1">0</subfield>
    <subfield code="2">ddc</subfield>
    <subfield code="4">0</subfield>
    <subfield code="7">0</subfield>
    <subfield code="a">01</subfield>
    <subfield code="b">01</subfield>
    <subfield code="d">2017-05-29</subfield>
    <subfield code="p">01-B-49586</subfield>
    <subfield code="r">2017-05-29</subfield>
    <subfield code="u">ENGLISH COMMUNICATION</subfield>
    <subfield code="w">2017-05-29</subfield>
    <subfield code="y">02</subfield>
  </datafield>
  <datafield tag="952" ind1=" " ind2=" ">
    <subfield code="0">0</subfield>
    <subfield code="1">0</subfield>
    <subfield code="2">ddc</subfield>
    <subfield code="4">0</subfield>
    <subfield code="7">0</subfield>
    <subfield code="a">01</subfield>
    <subfield code="b">01</subfield>
    <subfield code="d">2017-05-29</subfield>
    <subfield code="p">01-B-49587</subfield>
    <subfield code="r">2017-05-29</subfield>
    <subfield code="u">ENGLISH COMMUNICATION</subfield>
    <subfield code="w">2017-05-29</subfield>
    <subfield code="y">02</subfield>
  </datafield>
  <datafield tag="952" ind1=" " ind2=" ">
    <subfield code="0">0</subfield>
    <subfield code="1">0</subfield>
    <subfield code="2">ddc</subfield>
    <subfield code="4">0</subfield>
    <subfield code="7">0</subfield>
    <subfield code="a">01</subfield>
    <subfield code="b">01</subfield>
    <subfield code="d">2017-05-29</subfield>
    <subfield code="p">01-B-49588</subfield>
    <subfield code="r">2017-05-29</subfield>
    <subfield code="u">ENGLISH COMMUNICATION</subfield>
    <subfield code="w">2017-05-29</subfield>
    <subfield code="y">02</subfield>
  </datafield>
  <datafield tag="952" ind1=" " ind2=" ">
    <subfield code="0">0</subfield>
    <subfield code="1">0</subfield>
    <subfield code="2">ddc</subfield>
    <subfield code="4">0</subfield>
    <subfield code="7">0</subfield>
    <subfield code="a">01</subfield>
    <subfield code="b">01</subfield>
    <subfield code="d">2017-05-29</subfield>
    <subfield code="p">01-B-49589</subfield>
    <subfield code="r">2017-05-29</subfield>
    <subfield code="u">ENGLISH COMMUNICATION</subfield>
    <subfield code="w">2017-05-29</subfield>
    <subfield code="y">02</subfield>
  </datafield>
  <datafield tag="952" ind1=" " ind2=" ">
    <subfield code="0">0</subfield>
    <subfield code="1">0</subfield>
    <subfield code="2">ddc</subfield>
    <subfield code="4">0</subfield>
    <subfield code="7">0</subfield>
    <subfield code="a">01</subfield>
    <subfield code="b">01</subfield>
    <subfield code="d">2017-05-29</subfield>
    <subfield code="l">1</subfield>
    <subfield code="p">01-B-49590</subfield>
    <subfield code="r">2018-10-08</subfield>
    <subfield code="s">2018-10-08</subfield>
    <subfield code="u">ENGLISH COMMUNICATION</subfield>
    <subfield code="w">2017-05-29</subfield>
    <subfield code="y">02</subfield>
  </datafield>
  <datafield tag="952" ind1=" " ind2=" ">
    <subfield code="0">0</subfield>
    <subfield code="1">0</subfield>
    <subfield code="2">ddc</subfield>
    <subfield code="4">0</subfield>
    <subfield code="7">0</subfield>
    <subfield code="a">01</subfield>
    <subfield code="b">01</subfield>
    <subfield code="d">2017-05-29</subfield>
    <subfield code="p">01-B-49591</subfield>
    <subfield code="r">2017-05-29</subfield>
    <subfield code="u">ENGLISH COMMUNICATION</subfield>
    <subfield code="w">2017-05-29</subfield>
    <subfield code="y">02</subfield>
  </datafield>
  <datafield tag="952" ind1=" " ind2=" ">
    <subfield code="0">0</subfield>
    <subfield code="1">0</subfield>
    <subfield code="2">ddc</subfield>
    <subfield code="4">0</subfield>
    <subfield code="7">0</subfield>
    <subfield code="a">01</subfield>
    <subfield code="b">01</subfield>
    <subfield code="d">2017-05-29</subfield>
    <subfield code="p">01-B-49592</subfield>
    <subfield code="r">2017-05-29</subfield>
    <subfield code="u">ENGLISH COMMUNICATION</subfield>
    <subfield code="w">2017-05-29</subfield>
    <subfield code="y">02</subfield>
  </datafield>
  <datafield tag="952" ind1=" " ind2=" ">
    <subfield code="0">0</subfield>
    <subfield code="1">0</subfield>
    <subfield code="2">ddc</subfield>
    <subfield code="4">0</subfield>
    <subfield code="7">0</subfield>
    <subfield code="a">01</subfield>
    <subfield code="b">01</subfield>
    <subfield code="d">2017-05-29</subfield>
    <subfield code="p">01-B-49593</subfield>
    <subfield code="r">2017-05-29</subfield>
    <subfield code="u">ENGLISH COMMUNICATION</subfield>
    <subfield code="w">2017-05-29</subfield>
    <subfield code="y">02</subfield>
  </datafield>
  <datafield tag="952" ind1=" " ind2=" ">
    <subfield code="0">0</subfield>
    <subfield code="1">0</subfield>
    <subfield code="2">ddc</subfield>
    <subfield code="4">0</subfield>
    <subfield code="7">0</subfield>
    <subfield code="a">01</subfield>
    <subfield code="b">01</subfield>
    <subfield code="d">2017-05-29</subfield>
    <subfield code="p">01-B-49594</subfield>
    <subfield code="r">2017-05-29</subfield>
    <subfield code="u">ENGLISH COMMUNICATION</subfield>
    <subfield code="w">2017-05-29</subfield>
    <subfield code="y">02</subfield>
  </datafield>
  <datafield tag="952" ind1=" " ind2=" ">
    <subfield code="0">0</subfield>
    <subfield code="1">0</subfield>
    <subfield code="2">ddc</subfield>
    <subfield code="4">0</subfield>
    <subfield code="7">0</subfield>
    <subfield code="a">01</subfield>
    <subfield code="b">01</subfield>
    <subfield code="d">2017-05-29</subfield>
    <subfield code="p">01-B-49595</subfield>
    <subfield code="r">2017-05-29</subfield>
    <subfield code="u">ENGLISH COMMUNICATION</subfield>
    <subfield code="w">2017-05-29</subfield>
    <subfield code="y">02</subfield>
  </datafield>
  <datafield tag="952" ind1=" " ind2=" ">
    <subfield code="0">0</subfield>
    <subfield code="1">0</subfield>
    <subfield code="2">ddc</subfield>
    <subfield code="4">0</subfield>
    <subfield code="7">0</subfield>
    <subfield code="a">01</subfield>
    <subfield code="b">01</subfield>
    <subfield code="d">2017-05-29</subfield>
    <subfield code="p">01-B-49596</subfield>
    <subfield code="r">2017-05-29</subfield>
    <subfield code="u">ENGLISH COMMUNICATION</subfield>
    <subfield code="w">2017-05-29</subfield>
    <subfield code="y">02</subfield>
  </datafield>
  <datafield tag="952" ind1=" " ind2=" ">
    <subfield code="0">0</subfield>
    <subfield code="1">0</subfield>
    <subfield code="2">ddc</subfield>
    <subfield code="4">0</subfield>
    <subfield code="7">0</subfield>
    <subfield code="a">01</subfield>
    <subfield code="b">01</subfield>
    <subfield code="d">2017-05-29</subfield>
    <subfield code="p">01-B-49597</subfield>
    <subfield code="r">2017-05-29</subfield>
    <subfield code="u">ENGLISH COMMUNICATION</subfield>
    <subfield code="w">2017-05-29</subfield>
    <subfield code="y">02</subfield>
  </datafield>
  <datafield tag="952" ind1=" " ind2=" ">
    <subfield code="0">0</subfield>
    <subfield code="1">0</subfield>
    <subfield code="2">ddc</subfield>
    <subfield code="4">0</subfield>
    <subfield code="7">0</subfield>
    <subfield code="a">01</subfield>
    <subfield code="b">01</subfield>
    <subfield code="d">2017-05-29</subfield>
    <subfield code="p">01-B-49598</subfield>
    <subfield code="r">2017-05-29</subfield>
    <subfield code="u">ENGLISH COMMUNICATION</subfield>
    <subfield code="w">2017-05-29</subfield>
    <subfield code="y">02</subfield>
  </datafield>
  <datafield tag="952" ind1=" " ind2=" ">
    <subfield code="0">0</subfield>
    <subfield code="1">0</subfield>
    <subfield code="2">ddc</subfield>
    <subfield code="4">0</subfield>
    <subfield code="7">0</subfield>
    <subfield code="a">01</subfield>
    <subfield code="b">01</subfield>
    <subfield code="d">2017-05-29</subfield>
    <subfield code="p">01-B-49599</subfield>
    <subfield code="r">2017-05-29</subfield>
    <subfield code="u">ENGLISH COMMUNICATION</subfield>
    <subfield code="w">2017-05-29</subfield>
    <subfield code="y">02</subfield>
  </datafield>
  <datafield tag="952" ind1=" " ind2=" ">
    <subfield code="0">0</subfield>
    <subfield code="1">0</subfield>
    <subfield code="2">ddc</subfield>
    <subfield code="4">0</subfield>
    <subfield code="7">0</subfield>
    <subfield code="a">01</subfield>
    <subfield code="b">01</subfield>
    <subfield code="d">2017-05-29</subfield>
    <subfield code="p">01-B-49600</subfield>
    <subfield code="r">2017-05-29</subfield>
    <subfield code="u">ENGLISH COMMUNICATION</subfield>
    <subfield code="w">2017-05-29</subfield>
    <subfield code="y">02</subfield>
  </datafield>
  <datafield tag="952" ind1=" " ind2=" ">
    <subfield code="0">0</subfield>
    <subfield code="1">0</subfield>
    <subfield code="2">ddc</subfield>
    <subfield code="4">0</subfield>
    <subfield code="7">0</subfield>
    <subfield code="a">01</subfield>
    <subfield code="b">01</subfield>
    <subfield code="d">2017-05-29</subfield>
    <subfield code="p">01-B-49601</subfield>
    <subfield code="r">2017-05-29</subfield>
    <subfield code="u">ENGLISH COMMUNICATION</subfield>
    <subfield code="w">2017-05-29</subfield>
    <subfield code="y">02</subfield>
  </datafield>
  <datafield tag="952" ind1=" " ind2=" ">
    <subfield code="0">0</subfield>
    <subfield code="1">0</subfield>
    <subfield code="2">ddc</subfield>
    <subfield code="4">0</subfield>
    <subfield code="7">0</subfield>
    <subfield code="a">01</subfield>
    <subfield code="b">01</subfield>
    <subfield code="d">2017-05-29</subfield>
    <subfield code="p">01-B-49602</subfield>
    <subfield code="r">2017-05-29</subfield>
    <subfield code="u">ENGLISH COMMUNICATION</subfield>
    <subfield code="w">2017-05-29</subfield>
    <subfield code="y">02</subfield>
  </datafield>
  <datafield tag="952" ind1=" " ind2=" ">
    <subfield code="0">0</subfield>
    <subfield code="1">0</subfield>
    <subfield code="2">ddc</subfield>
    <subfield code="4">0</subfield>
    <subfield code="7">0</subfield>
    <subfield code="a">01</subfield>
    <subfield code="b">01</subfield>
    <subfield code="d">2017-05-29</subfield>
    <subfield code="p">01-B-49603</subfield>
    <subfield code="r">2017-05-29</subfield>
    <subfield code="u">ENGLISH COMMUNICATION</subfield>
    <subfield code="w">2017-05-29</subfield>
    <subfield code="y">02</subfield>
  </datafield>
  <datafield tag="952" ind1=" " ind2=" ">
    <subfield code="0">0</subfield>
    <subfield code="1">0</subfield>
    <subfield code="2">ddc</subfield>
    <subfield code="4">0</subfield>
    <subfield code="7">0</subfield>
    <subfield code="a">01</subfield>
    <subfield code="b">01</subfield>
    <subfield code="d">2017-05-29</subfield>
    <subfield code="p">01-B-49604</subfield>
    <subfield code="r">2017-05-29</subfield>
    <subfield code="u">ENGLISH COMMUNICATION</subfield>
    <subfield code="w">2017-05-29</subfield>
    <subfield code="y">02</subfield>
  </datafield>
  <datafield tag="952" ind1=" " ind2=" ">
    <subfield code="0">0</subfield>
    <subfield code="1">0</subfield>
    <subfield code="2">ddc</subfield>
    <subfield code="4">0</subfield>
    <subfield code="7">0</subfield>
    <subfield code="a">01</subfield>
    <subfield code="b">01</subfield>
    <subfield code="d">2017-05-29</subfield>
    <subfield code="p">01-B-49605</subfield>
    <subfield code="r">2017-05-29</subfield>
    <subfield code="u">ENGLISH COMMUNICATION</subfield>
    <subfield code="w">2017-05-29</subfield>
    <subfield code="y">02</subfield>
  </datafield>
  <datafield tag="952" ind1=" " ind2=" ">
    <subfield code="0">0</subfield>
    <subfield code="1">0</subfield>
    <subfield code="2">ddc</subfield>
    <subfield code="4">0</subfield>
    <subfield code="7">0</subfield>
    <subfield code="a">01</subfield>
    <subfield code="b">01</subfield>
    <subfield code="d">2017-05-29</subfield>
    <subfield code="p">01-B-49606</subfield>
    <subfield code="r">2017-05-29</subfield>
    <subfield code="u">ENGLISH COMMUNICATION</subfield>
    <subfield code="w">2017-05-29</subfield>
    <subfield code="y">02</subfield>
  </datafield>
  <datafield tag="952" ind1=" " ind2=" ">
    <subfield code="0">0</subfield>
    <subfield code="1">0</subfield>
    <subfield code="2">ddc</subfield>
    <subfield code="4">0</subfield>
    <subfield code="7">0</subfield>
    <subfield code="a">01</subfield>
    <subfield code="b">01</subfield>
    <subfield code="d">2017-05-29</subfield>
    <subfield code="p">01-B-49607</subfield>
    <subfield code="r">2017-05-29</subfield>
    <subfield code="u">ENGLISH COMMUNICATION</subfield>
    <subfield code="w">2017-05-29</subfield>
    <subfield code="y">02</subfield>
  </datafield>
  <datafield tag="952" ind1=" " ind2=" ">
    <subfield code="0">0</subfield>
    <subfield code="1">0</subfield>
    <subfield code="2">ddc</subfield>
    <subfield code="4">0</subfield>
    <subfield code="7">0</subfield>
    <subfield code="a">01</subfield>
    <subfield code="b">01</subfield>
    <subfield code="d">2017-05-29</subfield>
    <subfield code="p">01-B-49608</subfield>
    <subfield code="r">2017-05-29</subfield>
    <subfield code="u">ENGLISH COMMUNICATION</subfield>
    <subfield code="w">2017-05-29</subfield>
    <subfield code="y">02</subfield>
  </datafield>
  <datafield tag="952" ind1=" " ind2=" ">
    <subfield code="0">0</subfield>
    <subfield code="1">0</subfield>
    <subfield code="2">ddc</subfield>
    <subfield code="4">0</subfield>
    <subfield code="7">0</subfield>
    <subfield code="a">01</subfield>
    <subfield code="b">01</subfield>
    <subfield code="d">2017-05-29</subfield>
    <subfield code="p">01-B-49609</subfield>
    <subfield code="r">2017-05-29</subfield>
    <subfield code="u">ENGLISH COMMUNICATION</subfield>
    <subfield code="w">2017-05-29</subfield>
    <subfield code="y">02</subfield>
  </datafield>
  <datafield tag="952" ind1=" " ind2=" ">
    <subfield code="0">0</subfield>
    <subfield code="1">0</subfield>
    <subfield code="2">ddc</subfield>
    <subfield code="4">0</subfield>
    <subfield code="7">0</subfield>
    <subfield code="a">01</subfield>
    <subfield code="b">01</subfield>
    <subfield code="d">2017-05-29</subfield>
    <subfield code="p">01-B-49610</subfield>
    <subfield code="r">2017-05-29</subfield>
    <subfield code="u">ENGLISH COMMUNICATION</subfield>
    <subfield code="w">2017-05-29</subfield>
    <subfield code="y">02</subfield>
  </datafield>
  <datafield tag="952" ind1=" " ind2=" ">
    <subfield code="0">0</subfield>
    <subfield code="1">0</subfield>
    <subfield code="2">ddc</subfield>
    <subfield code="4">0</subfield>
    <subfield code="7">0</subfield>
    <subfield code="a">01</subfield>
    <subfield code="b">01</subfield>
    <subfield code="d">2017-05-29</subfield>
    <subfield code="p">01-B-49611</subfield>
    <subfield code="r">2017-05-29</subfield>
    <subfield code="u">ENGLISH COMMUNICATION</subfield>
    <subfield code="w">2017-05-29</subfield>
    <subfield code="y">02</subfield>
  </datafield>
  <datafield tag="952" ind1=" " ind2=" ">
    <subfield code="0">0</subfield>
    <subfield code="1">0</subfield>
    <subfield code="2">ddc</subfield>
    <subfield code="4">0</subfield>
    <subfield code="7">0</subfield>
    <subfield code="a">01</subfield>
    <subfield code="b">01</subfield>
    <subfield code="d">2017-05-29</subfield>
    <subfield code="p">01-B-49612</subfield>
    <subfield code="r">2017-05-29</subfield>
    <subfield code="u">ENGLISH COMMUNICATION</subfield>
    <subfield code="w">2017-05-29</subfield>
    <subfield code="y">02</subfield>
  </datafield>
  <datafield tag="952" ind1=" " ind2=" ">
    <subfield code="0">0</subfield>
    <subfield code="1">0</subfield>
    <subfield code="2">ddc</subfield>
    <subfield code="4">0</subfield>
    <subfield code="7">0</subfield>
    <subfield code="a">01</subfield>
    <subfield code="b">01</subfield>
    <subfield code="d">2017-05-29</subfield>
    <subfield code="p">01-B-49613</subfield>
    <subfield code="r">2017-05-29</subfield>
    <subfield code="u">ENGLISH COMMUNICATION</subfield>
    <subfield code="w">2017-05-29</subfield>
    <subfield code="y">02</subfield>
  </datafield>
  <datafield tag="952" ind1=" " ind2=" ">
    <subfield code="0">0</subfield>
    <subfield code="1">0</subfield>
    <subfield code="2">ddc</subfield>
    <subfield code="4">0</subfield>
    <subfield code="7">0</subfield>
    <subfield code="a">01</subfield>
    <subfield code="b">01</subfield>
    <subfield code="d">2017-05-29</subfield>
    <subfield code="p">01-B-49614</subfield>
    <subfield code="r">2017-05-29</subfield>
    <subfield code="u">ENGLISH COMMUNICATION</subfield>
    <subfield code="w">2017-05-29</subfield>
    <subfield code="y">02</subfield>
  </datafield>
  <datafield tag="952" ind1=" " ind2=" ">
    <subfield code="0">0</subfield>
    <subfield code="1">0</subfield>
    <subfield code="2">ddc</subfield>
    <subfield code="4">0</subfield>
    <subfield code="7">0</subfield>
    <subfield code="a">01</subfield>
    <subfield code="b">01</subfield>
    <subfield code="d">2017-05-29</subfield>
    <subfield code="p">01-B-49615</subfield>
    <subfield code="r">2017-05-29</subfield>
    <subfield code="u">ENGLISH COMMUNICATION</subfield>
    <subfield code="w">2017-05-29</subfield>
    <subfield code="y">02</subfield>
  </datafield>
  <datafield tag="952" ind1=" " ind2=" ">
    <subfield code="0">0</subfield>
    <subfield code="1">0</subfield>
    <subfield code="2">ddc</subfield>
    <subfield code="4">0</subfield>
    <subfield code="7">0</subfield>
    <subfield code="a">01</subfield>
    <subfield code="b">01</subfield>
    <subfield code="d">2017-05-29</subfield>
    <subfield code="p">01-B-49616</subfield>
    <subfield code="r">2017-05-29</subfield>
    <subfield code="u">ENGLISH COMMUNICATION</subfield>
    <subfield code="w">2017-05-29</subfield>
    <subfield code="y">02</subfield>
  </datafield>
  <datafield tag="952" ind1=" " ind2=" ">
    <subfield code="0">0</subfield>
    <subfield code="1">0</subfield>
    <subfield code="2">ddc</subfield>
    <subfield code="4">0</subfield>
    <subfield code="7">0</subfield>
    <subfield code="a">01</subfield>
    <subfield code="b">01</subfield>
    <subfield code="d">2017-05-29</subfield>
    <subfield code="p">01-B-49617</subfield>
    <subfield code="r">2017-05-29</subfield>
    <subfield code="u">ENGLISH COMMUNICATION</subfield>
    <subfield code="w">2017-05-29</subfield>
    <subfield code="y">02</subfield>
  </datafield>
  <datafield tag="952" ind1=" " ind2=" ">
    <subfield code="0">0</subfield>
    <subfield code="1">0</subfield>
    <subfield code="2">ddc</subfield>
    <subfield code="4">0</subfield>
    <subfield code="7">0</subfield>
    <subfield code="a">01</subfield>
    <subfield code="b">01</subfield>
    <subfield code="d">2017-05-29</subfield>
    <subfield code="p">01-B-49618</subfield>
    <subfield code="r">2017-05-29</subfield>
    <subfield code="u">ENGLISH COMMUNICATION</subfield>
    <subfield code="w">2017-05-29</subfield>
    <subfield code="y">02</subfield>
  </datafield>
  <datafield tag="952" ind1=" " ind2=" ">
    <subfield code="0">0</subfield>
    <subfield code="1">0</subfield>
    <subfield code="2">ddc</subfield>
    <subfield code="4">0</subfield>
    <subfield code="7">0</subfield>
    <subfield code="a">01</subfield>
    <subfield code="b">01</subfield>
    <subfield code="d">2017-05-29</subfield>
    <subfield code="p">01-B-49619</subfield>
    <subfield code="r">2017-05-29</subfield>
    <subfield code="u">ENGLISH COMMUNICATION</subfield>
    <subfield code="w">2017-05-29</subfield>
    <subfield code="y">02</subfield>
  </datafield>
  <datafield tag="952" ind1=" " ind2=" ">
    <subfield code="0">0</subfield>
    <subfield code="1">0</subfield>
    <subfield code="2">ddc</subfield>
    <subfield code="4">0</subfield>
    <subfield code="7">0</subfield>
    <subfield code="a">01</subfield>
    <subfield code="b">01</subfield>
    <subfield code="d">2017-05-29</subfield>
    <subfield code="p">01-B-49620</subfield>
    <subfield code="r">2017-05-29</subfield>
    <subfield code="u">ENGLISH COMMUNICATION</subfield>
    <subfield code="w">2017-05-29</subfield>
    <subfield code="y">02</subfield>
  </datafield>
  <datafield tag="952" ind1=" " ind2=" ">
    <subfield code="0">0</subfield>
    <subfield code="1">0</subfield>
    <subfield code="2">ddc</subfield>
    <subfield code="4">0</subfield>
    <subfield code="7">0</subfield>
    <subfield code="a">01</subfield>
    <subfield code="b">01</subfield>
    <subfield code="d">2017-05-29</subfield>
    <subfield code="p">01-B-49621</subfield>
    <subfield code="r">2017-05-29</subfield>
    <subfield code="u">ENGLISH COMMUNICATION</subfield>
    <subfield code="w">2017-05-29</subfield>
    <subfield code="y">02</subfield>
  </datafield>
  <datafield tag="952" ind1=" " ind2=" ">
    <subfield code="0">0</subfield>
    <subfield code="1">0</subfield>
    <subfield code="2">ddc</subfield>
    <subfield code="4">0</subfield>
    <subfield code="7">0</subfield>
    <subfield code="a">01</subfield>
    <subfield code="b">01</subfield>
    <subfield code="d">2017-05-29</subfield>
    <subfield code="p">01-B-49622</subfield>
    <subfield code="r">2017-05-29</subfield>
    <subfield code="u">ENGLISH COMMUNICATION</subfield>
    <subfield code="w">2017-05-29</subfield>
    <subfield code="y">02</subfield>
  </datafield>
  <datafield tag="952" ind1=" " ind2=" ">
    <subfield code="0">0</subfield>
    <subfield code="1">0</subfield>
    <subfield code="2">ddc</subfield>
    <subfield code="4">0</subfield>
    <subfield code="7">0</subfield>
    <subfield code="a">01</subfield>
    <subfield code="b">01</subfield>
    <subfield code="d">2017-05-29</subfield>
    <subfield code="p">01-B-49623</subfield>
    <subfield code="r">2017-05-29</subfield>
    <subfield code="u">ENGLISH COMMUNICATION</subfield>
    <subfield code="w">2017-05-29</subfield>
    <subfield code="y">02</subfield>
  </datafield>
  <datafield tag="952" ind1=" " ind2=" ">
    <subfield code="0">0</subfield>
    <subfield code="1">0</subfield>
    <subfield code="2">ddc</subfield>
    <subfield code="4">0</subfield>
    <subfield code="7">0</subfield>
    <subfield code="a">01</subfield>
    <subfield code="b">01</subfield>
    <subfield code="d">2017-05-29</subfield>
    <subfield code="p">01-B-49624</subfield>
    <subfield code="r">2017-05-29</subfield>
    <subfield code="u">ENGLISH COMMUNICATION</subfield>
    <subfield code="w">2017-05-29</subfield>
    <subfield code="y">02</subfield>
  </datafield>
  <datafield tag="952" ind1=" " ind2=" ">
    <subfield code="0">0</subfield>
    <subfield code="1">0</subfield>
    <subfield code="2">ddc</subfield>
    <subfield code="4">0</subfield>
    <subfield code="7">0</subfield>
    <subfield code="a">01</subfield>
    <subfield code="b">01</subfield>
    <subfield code="d">2017-05-29</subfield>
    <subfield code="p">01-B-49625</subfield>
    <subfield code="r">2017-05-29</subfield>
    <subfield code="u">ENGLISH COMMUNICATION</subfield>
    <subfield code="w">2017-05-29</subfield>
    <subfield code="y">02</subfield>
  </datafield>
  <datafield tag="952" ind1=" " ind2=" ">
    <subfield code="0">0</subfield>
    <subfield code="1">0</subfield>
    <subfield code="2">ddc</subfield>
    <subfield code="4">0</subfield>
    <subfield code="7">0</subfield>
    <subfield code="a">01</subfield>
    <subfield code="b">01</subfield>
    <subfield code="d">2017-05-29</subfield>
    <subfield code="p">01-B-49626</subfield>
    <subfield code="r">2017-05-29</subfield>
    <subfield code="u">ENGLISH COMMUNICATION</subfield>
    <subfield code="w">2017-05-29</subfield>
    <subfield code="y">02</subfield>
  </datafield>
  <datafield tag="952" ind1=" " ind2=" ">
    <subfield code="0">0</subfield>
    <subfield code="1">0</subfield>
    <subfield code="2">ddc</subfield>
    <subfield code="4">0</subfield>
    <subfield code="7">0</subfield>
    <subfield code="a">01</subfield>
    <subfield code="b">01</subfield>
    <subfield code="d">2017-05-29</subfield>
    <subfield code="p">01-B-49627</subfield>
    <subfield code="r">2017-05-29</subfield>
    <subfield code="u">ENGLISH COMMUNICATION</subfield>
    <subfield code="w">2017-05-29</subfield>
    <subfield code="y">02</subfield>
  </datafield>
  <datafield tag="952" ind1=" " ind2=" ">
    <subfield code="0">0</subfield>
    <subfield code="1">0</subfield>
    <subfield code="2">ddc</subfield>
    <subfield code="4">0</subfield>
    <subfield code="7">0</subfield>
    <subfield code="a">01</subfield>
    <subfield code="b">01</subfield>
    <subfield code="d">2017-05-29</subfield>
    <subfield code="p">01-B-49628</subfield>
    <subfield code="r">2017-05-29</subfield>
    <subfield code="u">ENGLISH COMMUNICATION</subfield>
    <subfield code="w">2017-05-29</subfield>
    <subfield code="y">02</subfield>
  </datafield>
  <datafield tag="952" ind1=" " ind2=" ">
    <subfield code="0">0</subfield>
    <subfield code="1">0</subfield>
    <subfield code="2">ddc</subfield>
    <subfield code="4">0</subfield>
    <subfield code="7">0</subfield>
    <subfield code="a">01</subfield>
    <subfield code="b">01</subfield>
    <subfield code="d">2017-05-29</subfield>
    <subfield code="p">01-B-49629</subfield>
    <subfield code="r">2017-05-29</subfield>
    <subfield code="u">ENGLISH COMMUNICATION</subfield>
    <subfield code="w">2017-05-29</subfield>
    <subfield code="y">02</subfield>
  </datafield>
  <datafield tag="952" ind1=" " ind2=" ">
    <subfield code="0">0</subfield>
    <subfield code="1">0</subfield>
    <subfield code="2">ddc</subfield>
    <subfield code="4">0</subfield>
    <subfield code="7">0</subfield>
    <subfield code="a">01</subfield>
    <subfield code="b">01</subfield>
    <subfield code="d">2017-05-29</subfield>
    <subfield code="p">01-B-49630</subfield>
    <subfield code="r">2017-05-29</subfield>
    <subfield code="u">ENGLISH COMMUNICATION</subfield>
    <subfield code="w">2017-05-29</subfield>
    <subfield code="y">02</subfield>
  </datafield>
  <datafield tag="952" ind1=" " ind2=" ">
    <subfield code="0">0</subfield>
    <subfield code="1">0</subfield>
    <subfield code="2">ddc</subfield>
    <subfield code="4">0</subfield>
    <subfield code="7">0</subfield>
    <subfield code="a">01</subfield>
    <subfield code="b">01</subfield>
    <subfield code="d">2017-05-29</subfield>
    <subfield code="p">01-B-49631</subfield>
    <subfield code="r">2017-05-29</subfield>
    <subfield code="u">ENGLISH COMMUNICATION</subfield>
    <subfield code="w">2017-05-29</subfield>
    <subfield code="y">02</subfield>
  </datafield>
  <datafield tag="952" ind1=" " ind2=" ">
    <subfield code="0">0</subfield>
    <subfield code="1">0</subfield>
    <subfield code="2">ddc</subfield>
    <subfield code="4">0</subfield>
    <subfield code="7">0</subfield>
    <subfield code="a">01</subfield>
    <subfield code="b">01</subfield>
    <subfield code="d">2017-05-29</subfield>
    <subfield code="p">01-B-49632</subfield>
    <subfield code="r">2017-05-29</subfield>
    <subfield code="u">ENGLISH COMMUNICATION</subfield>
    <subfield code="w">2017-05-29</subfield>
    <subfield code="y">02</subfield>
  </datafield>
  <datafield tag="952" ind1=" " ind2=" ">
    <subfield code="0">0</subfield>
    <subfield code="1">0</subfield>
    <subfield code="2">ddc</subfield>
    <subfield code="4">0</subfield>
    <subfield code="7">0</subfield>
    <subfield code="a">01</subfield>
    <subfield code="b">01</subfield>
    <subfield code="d">2017-05-29</subfield>
    <subfield code="p">01-B-49633</subfield>
    <subfield code="r">2017-05-29</subfield>
    <subfield code="u">ENGLISH COMMUNICATION</subfield>
    <subfield code="w">2017-05-29</subfield>
    <subfield code="y">02</subfield>
  </datafield>
  <datafield tag="952" ind1=" " ind2=" ">
    <subfield code="0">0</subfield>
    <subfield code="1">0</subfield>
    <subfield code="2">ddc</subfield>
    <subfield code="4">0</subfield>
    <subfield code="7">0</subfield>
    <subfield code="a">01</subfield>
    <subfield code="b">01</subfield>
    <subfield code="d">2017-05-29</subfield>
    <subfield code="p">01-B-49634</subfield>
    <subfield code="r">2017-05-29</subfield>
    <subfield code="u">ENGLISH COMMUNICATION</subfield>
    <subfield code="w">2017-05-29</subfield>
    <subfield code="y">02</subfield>
  </datafield>
  <datafield tag="952" ind1=" " ind2=" ">
    <subfield code="0">0</subfield>
    <subfield code="1">0</subfield>
    <subfield code="2">ddc</subfield>
    <subfield code="4">0</subfield>
    <subfield code="7">0</subfield>
    <subfield code="a">01</subfield>
    <subfield code="b">01</subfield>
    <subfield code="d">2017-05-29</subfield>
    <subfield code="p">01-B-49635</subfield>
    <subfield code="r">2017-05-29</subfield>
    <subfield code="u">ENGLISH COMMUNICATION</subfield>
    <subfield code="w">2017-05-29</subfield>
    <subfield code="y">02</subfield>
  </datafield>
  <datafield tag="952" ind1=" " ind2=" ">
    <subfield code="0">0</subfield>
    <subfield code="1">0</subfield>
    <subfield code="2">ddc</subfield>
    <subfield code="4">0</subfield>
    <subfield code="7">0</subfield>
    <subfield code="a">01</subfield>
    <subfield code="b">01</subfield>
    <subfield code="d">2017-05-29</subfield>
    <subfield code="p">01-B-49636</subfield>
    <subfield code="r">2017-05-29</subfield>
    <subfield code="u">ENGLISH COMMUNICATION</subfield>
    <subfield code="w">2017-05-29</subfield>
    <subfield code="y">02</subfield>
  </datafield>
  <datafield tag="952" ind1=" " ind2=" ">
    <subfield code="0">0</subfield>
    <subfield code="1">0</subfield>
    <subfield code="2">ddc</subfield>
    <subfield code="4">0</subfield>
    <subfield code="7">0</subfield>
    <subfield code="a">01</subfield>
    <subfield code="b">01</subfield>
    <subfield code="d">2017-05-29</subfield>
    <subfield code="p">01-B-49637</subfield>
    <subfield code="r">2017-05-29</subfield>
    <subfield code="u">ENGLISH COMMUNICATION</subfield>
    <subfield code="w">2017-05-29</subfield>
    <subfield code="y">15</subfield>
    <subfield code="z">Write off (Book cost paid to Account Department)</subfield>
  </datafield>
  <datafield tag="952" ind1=" " ind2=" ">
    <subfield code="0">0</subfield>
    <subfield code="1">0</subfield>
    <subfield code="2">ddc</subfield>
    <subfield code="4">0</subfield>
    <subfield code="7">0</subfield>
    <subfield code="a">01</subfield>
    <subfield code="b">01</subfield>
    <subfield code="d">2017-05-29</subfield>
    <subfield code="p">01-B-49638</subfield>
    <subfield code="r">2017-05-29</subfield>
    <subfield code="u">ENGLISH COMMUNICATION</subfield>
    <subfield code="w">2017-05-29</subfield>
    <subfield code="y">02</subfield>
  </datafield>
</record>
